000 00739nam a2200253Ia 4500
005 20220316235550.0
008 121119s1999 sp a gr 000 0 spa
020 _a8432984914
041 0 _aspa
082 0 4 _a745.51
_bD21
245 0 0 _aDecora la madera
250 _aPrimera edición
300 _a128 páginas
_bilustraciones
_c27 cm
490 0 _aHazlo tu mismo
650 1 4 _aArtesanías en madera
_2LEMB
650 1 4 _aDecoración y ornamentación
_xManuales
_2LEMB
650 1 4 _aTrabajos en madera
_2LEMB
942 _2ddc
_cBK
264 _aBarcelona
_bCeac
_c1999
336 _atexto
_btxt
_2rdacontent
337 _asin mediación
_bn
_2rdamedia
338 _avolumen
_bnc
_2rdacarrier
040 _aCO-BoRNBP
_bspa
_erda
_cCO-BoRNBP
999 _c1385
_d1385